Cyclisme : Culture générale #2 - Statistiques

Statistiques générales
  • Ce quiz a été pris 106 fois
  • Le résultat moyen est 6 sur 10
Statistiques - réponses
Question Réponse % Correct
Nombre d'étapes comportant le Tour de France, le Giro d'Italia et la Vuelta ciclista a España. 21
99%
Equipe cycliste britannique dominant les courses par étape de trois semaines durant la décennie 2010. Sky
89%
Nombre de secondes d'écart entre le vainqueur du Tour de France 1989 Greg LeMond et son dauphin Laurent Fignon. 8
88%
Coureur français porteur du maillot jaune de la 9ème à la 19ème étape du Tour de France 2011. Thomas Voeckler
76%
Sommet au bout d'une redoutable ascension de Provence surnommé le "Mont Chauve" ou le "Géant de Provence". Mont Ventoux
74%
Série de jeux vidéos référence sur le cyclisme développée par Cyanide. Pro Cycling Manager
73%
Secteur pavé phare du monument Paris-Roubaix en montée rectiligne proche d'une zone minière. Trouée d'Arenberg
58%
Né en République socialiste soviétique kazakhe, ce coureur devient champion olympique de la course en ligne pour sa dernière course professionnelle. Alexandre Vinokourov
53%
Coureur cycliste renommé directeur du quotidien sportif "L'Auto", créateur et premier directeur du Tour de France. Henri Desgrange
18%
Premier coureur africain à endosser un maillot distinctif sur le Tour de France (maillot à pois en 2015). Daniel Teklehaimanot
13%
Aucun quiz correspondant
Distribution des résultats
% des personnes avec chaque résultat
Percentile par nombre de réponses
Votre historique - résultats
Vous n’avez pas pris ce quiz